| 000 | 00889nam a2200229 i 4500 | ||
|---|---|---|---|
| 001 | 98334 | ||
| 003 | ES-MaACL | ||
| 005 | 20231228063217.0 | ||
| 007 | t| | ||
| 008 | 050728s1935 cu f 00110dspa d | ||
| 080 | _a016:929 Martí, José | ||
| 100 | 1 |
_aMartí, José, _d1853-1895 _977189 |
|
| 245 | 1 | 0 |
_aPapeles de Martí : _b(archivo de Gonzalo de Quesada). _nIII, _pMiscelánea / _cJosé Martí ; recopilación, introducción, notas y apéndice por Gonzalo de Quesada y Miranda. |
| 260 |
_aLa Habana : _bAcademia de la Historia de Cuba, _c1935. |
||
| 300 |
_aXIV, 147 p., 2 lám. ; _c28 cm. |
||
| 600 | 1 | 7 |
_aMartí, José, _d1853-1895- _vBibliografías _2 _9170937 |
| 610 | 2 | 4 |
_aArchivo José Martí. _9173020 |
| 700 | 1 |
_aQuesada y Miranda, Gonzalo de. _994574 |
|
| 710 | 2 |
_aAcademia de la Historia de Cuba. _91183 |
|
| 852 |
_aES-MaACL _jB-12988 |
||
| 999 |
_c98334 _d98334 |
||